000 00366nam a2200145Ia 4500
008 150201s2010 xx 000 0 und d
082 _a611
_bA10S
100 _aSINGH , SURENDER H.
245 _aANATOMY & PHYSIOLOGY FOR NURSES & ALLIED HEALTH SCIENCES
250 _a1ST
260 _bCBS
_aDELHI
_c2010
300 _a774
650 _aANATOMY
942 _2ddc
_cBK
_017
999 _c1937
_d1937